Biblioteca

No cheap hope (Registro nro. 70465)

Detalles MARC
000 -LÍDER
Campo fijo de descripción fija 01047nab a2200241 i 4500
001 - NÚMERO DE CONTROL
Campo de control 768714001
003 - IDENTIFICADOR DEL NÚMERO DE CONTROL
Campo de control CO-MdFUSB
005 - FECHA Y HORA DE LA ULTIMA TRANSACCIÓN
control field 20240709153052.0
008 - ELEMENTOS DE LONGITUD FIJA -- INFORMACIÓN GENERAL
Campo fijo de descripción fija -- Información general 240709t1980 sz ||||| |||| 00| 0 eng d
040 ## - FUENTE DE CATALOGACIÓN
Idioma de catalogación spa
Agencia que realiza la transcripción CO-MdFUSB
Agencia que realiza la modificación CO-MdFUSB
041 ## - CÓDIGO DE IDIOMA
Código de idioma para texto/pista de sonido o título separado eng
100 ## - ASIENTO PRINCIPAL--NOMBRE PERSONAL
Nombre personal Moffett, Samuel Hugh,
Término relacionador autor
245 ## - TÍTULO
Título No cheap hope
Mención de responsabilidad / Samuel Hugh Moffet
520 ## - NOTA DE RESUMEN, ETC.
Nota de sumario, etc. Este es el sermón pronunciado en el acto de clausura de la consulta teológica de Seúl.<br/>El predicador, el reverendo profesor Sam H. Moffet, es presidente asociado del Seminario Teológico Presbiteriano de Seúl, donde enseña historia de la iglesia.
546 ## - NOTA DE IDIOMA
Nota de idioma Texto en inglés.
630 #0 - PUNTO DE ACCESO ADICIONAL DE MATERIA - TÍTULO UNIFORME
Título uniforme Ecumenismo e humanismo,
650 #7 - ASIENTO SECUNDARIO DE MATERIA - TERMINO TEMÁTICO
Término temático o nombre geográfico como elemento de entrada Sermones
9 (RLIN) 283
650 #0 - ASIENTO SECUNDARIO DE MATERIA - TERMINO TEMÁTICO
Término temático o nombre geográfico como elemento de entrada Reforma de la iglesia
9 (RLIN) 958
650 #7 - ASIENTO SECUNDARIO DE MATERIA - TERMINO TEMÁTICO
Término temático o nombre geográfico como elemento de entrada Teología pastoral y unidad cristiana
9 (RLIN) 7183
773 0# - ASIENTO DE ITEM FUENTE
Biblionumber 49396
Itemnumber 82818
Lugar, editorial y fecha de publicación Ginebra
Otro identificador del ítem R2490
Título Reformed World
Número de control del registro (CO-MdFUSB)38
Número Internacional Normalizado para Publicaciones Seriadas (ISSN) 0034-3056
Parte(s) relacionada(s) / Volumen., número. (mes año), páginas Volumen 36, (número 1, 1980) páginas: 26 - 29
Enumeración y primera página página: 26
942 ## - TIPO DE MATERIAL (KOHA)
Tipo de Item KOHA Artículos de Revista
945 ## - INFORMACIÓN LOCAL DEL REGISTRO
Catalogador Catherine Arias Álvarez - Practicante SENA

No hay ítems disponibles.

Biblioteca FUSBC | Teléfono: (57+4) 349 88 10 Ext. 141| WhatsApp (+57) 3005338115 
E-mail: biblioteca@unisbc.edu.co | Calle 76 87-14 Robledo Palenque, Medellín, Colombia

Con tecnología Koha